000 00912cab a2200373 4500
001 ABS57724
008 090401t1997 xxu||||| |||| 00| 0 eng d
035 _a(Sirsi) u81456
041 _aeng
110 _aEstates Gazette
_9298
245 _aFocus `97: M25 Junctions 1-7
260 _c1997
350 _a0
490 _aEstates Gazette
_v(9740) 4 October 1997, 107-137(16)
650 _aBEXLEY
650 _aBIGGIN HILL AIRPORT
650 _aBLUEWATER
650 _aBROMLEY
650 _aCRAWLEY
650 _aCROYDON
650 _aDARTFORD
650 _aLAKESIDE
650 _aM25 CORRIDOR
650 _aOFFICES
650 _aORPINGTON
650 _aPEDESTRIANISATION
650 _aRETAIL WAREHOUSES
650 _aRETAIL
650 _aSEVENOAKS
650 _aSUTTON
690 _aPROPERTY-COMMERCIAL PROPERTY-COMMERCIAL PROPERTY MARKET
942 _n0
948 _c15/10/1997
999 _c51324
_d51324